Statistics for Countries, US States, Capitals, Elements, 100 Most Common Words: by Unique First-Last Letter Combination

Click here to take the quiz!

General Stats

  • This quiz has been taken 157 times
  • The average score is 65 of 109

Answer Stats

HINT ANSWER % Correct
I__iI
98%
X__nXenon
94%
I__tIt
94%
Q__oQuito
92%
I__qIraq
92%
V__zVaduz
90%
I__yItaly
90%
Q__rQatar
90%
K__oKosovo
88%
K__vKiev
88%
F__dFinland
86%
W__wWarsaw
84%
Z__bZagreb
84%
V__uVanuatu
84%
Y__uYou
82%
U__hUtah
82%
Z__cZinc
82%
U__yUruguay
82%
M__wMoscow
80%
L__sLaos
80%
Z__eZimbabwe
80%
Z__aZambia
78%
O__fOf
76%
O__uOuagadougou
76%
W__eWe
76%
Z__mZirconium
74%
R__kReykjavík
74%
U__pUp
74%
K__tKuwait
74%
O__tOut
74%
P__xPhoenix
72%
F__rFor
70%
D__kDenmark
70%
G__oGo
70%
B__dBaghdad
70%
Y__oYamoussoukro
68%
Y__eYaoundé
68%
O__eOne
68%
H__wHow
68%
H__yHungary
68%
U__rUlaanbaatar
66%
I__fIf
66%
K__lKabul
64%
B__yBy
64%
H__uHonolulu
64%
P__gPyongyang
64%
W__gWyoming
62%
K__mKhartoum
62%
G__tGet
62%
J__uJuneau
62%
W__oWho
60%
V__eVientiane
60%
M__kMinsk
60%
R__eRome
58%
L__oLesotho
58%
U__aUganda
58%
N__rNiger
58%
R__nRadon
58%
P__hPhnom Penh
56%
J__tJust
56%
O__mOsmium
56%
J__mJerusalem
56%
A__lAll
54%
W__yWay
54%
K__uKathmandu
54%
K__sKansas
54%
A__cArsenic
52%
L__dLead
52%
H__rHer
52%
N__kNew York
52%
D__yDay
50%
W__aWest Virginia
50%
E__tEgypt
48%
A__iAbu Dhabi
48%
D__cDominican Republic
48%
U__nUzbekistan
48%
E__nEven
48%
H__nHydrogen
46%
I__lIsrael
46%
K__wKnow
46%
A__dAnd
46%
W__dWould
46%
P__dPoland
44%
J__yJefferson City
44%
L__zLa Paz
44%
V__tVermont
42%
R__uRoseau
42%
N__sNetherlands
42%
I__eIodine
40%
C__rCopper
38%
R__tRabat
38%
B__gBeijing
38%
A__eAstatine
36%
T__dThailand
36%
G__uGuinea-Bissau
36%
W__cWashington D.C.
36%
D__nDublin
34%
R__oRepublic of the Congo
34%
V__sVilnius
34%
T__kThink
32%
F__nFreetown
32%
H__dHartford
32%
K__rKuala Lumpur
30%
P__lPortugal
30%
H__gHarrisburg
30%
C__uChișinău
30%
T__rTheir
26%
P__rPalikir
26%
A__rAfter
26%

Score Distribution

Percentile by Number Answered

Percent of People with Each Score

Your Score History

You have not taken this quiz